000 00887cam a2200265 4500
001 22024
003 BD-RjUL
005 20211209000746.0
008 140306s1966 enkabf b 001 0 eng d
035 _a(BD-RjUL) 22089
040 _aDLC
_cDLC
_dDLC
_dBD-RjUL
_beng
041 _aeng
082 0 0 _a915.6
_bBRS V-8 1966
100 1 _aBrice, William C.
_q(William Charles),
_d1921-2007.
_968021
245 1 0 _aA Systematic Regional Geography /
_cby William C. Brice.
_nVolume VIII :
_pSouth-west Asia
260 _aLondon :
_bUniversity of London P.,
_cc1966
300 _a448 p. :
_b16 plates, maps, tables, diagrs. ;
_c22 cm.
490 1 _aA Systematic regional geography,
_vv. 8
500 _aMaps on endpapers.
504 _aBibliography: p. 415-427. and Index
651 0 _aMiddle East
_xGeography.
_968022
942 _2ddc
_cBK
999 _c22024
_d22024